=LDR 00000nam 2200000 4500 =001 INLIS000000000810260 =005 20251124085348 =035 ##$$a 0010-1125000114 =007 ta =008 251124###########################0###### =020 ##$$a 9786026360182 =082 ##$$a 297.122404 =084 ##$$a 297.122404 ZAK a =245 ##$$a Anda pun bisa hafal 30 juz al qur an /$c Zakariyal Anshari,Lc =250 ##$$a Cet. 3 =260 ##$$a Jakarta : :$b Pustaka Imam Asy-Syafi'i,,$c 2018 =300 ##$; $c x + 182 hlm ; 15 x 23 cm